000 00914nam a22003137a 4500
003 CHAP
005 20220329135517.0
008 971013s1964 r 00010 d
010 _a37801
011 _a38773
035 _a42893
040 _cCHAP
082 _a336.3
_bM5
100 0 0 _aMikesell, Raymond F.
_975689
245 _aMecanismos de ayuda económica externa
260 _aMéxico, D.F. :
_bCEMLA,
_c1964
300 _a265 p
490 _aEstudios
590 _aBATCH-UPD
_b10
_c20130110
_lUCH01
_h1611
590 _aBATCH-UPD
_b10
_c20130410
_lUCH01
_h1006
590 _aBATCH-UPD
_b10
_c20130914
_lUCH01
_h1203
590 _aCONVERSION
_b10
_c20130109
_lUCH01
_h1321
650 1 4 _aDeuda pública.
_932222
650 1 4 _aPréstamos internacionales.
_992234
830 0 _aEstudios
_938514
901 _aBK
942 _cLIBRO
949 _a336.3 M5
_bBC
_cLIBRO
_d33724000351839
_eLIBRO
_h40796
_i42893
_mD
_si
999 _c37801
_d37801